000 00809nac a22002537a 4500
001 BR7806189
003 BR-BrBNA
005 20240105114316.0
008 230509b bl.|||m| |||| 00| 0 por d
040 _aBR-BrBNA
_bpor
_cBiblioteca Nacional de Agricultura
072 _aF00
090 _a2760 BR7806189
110 1 _aServico Nacional de Formacao Profissional Rural, Brasilia, DF (Brasil)
_99371
245 1 _aProdutor de fumo [pratica cultural]
260 3 _aBrasilia, DF (Brasil):
_c1979.
300 _a314 p.
490 _aColecao Basica Rural - Servico Nacional de Formacao Profissional Rural (Brazil)
_vno. 11
_x
650 _aFUMO
650 _aPRATICA CULTURAL
650 _aADUBACAO
650 _aARMAZENAMENTO
909 _a202312
_bLúcia Elande
_c55
_dLúcia Elande
942 _2AGRIS
_n0
_cMS
999 _c268606
_d268606